Państwa, które graniczą z Nigrem - Statystyki

Ogólne statystyki
  • Ten quiz został rozwiązany 20 razy
  • Średni wynik to 6 z 7
Statystyki odpowiedzi
Strona Państwo % Poprawnych
Południe Nigeria
100%
Północ Algieria
95%
Wschód Czad
90%
Zachód Mali
85%
Zachód Burkina Faso
80%
Północ Libia
80%
Południe Benin
75%
Nie znaleziono quizów pasujących do podanych kryteriów
Rozkład punktacji
Procent ludzi z każdym wynikiem
Percentyl według liczby udzielonych odpowiedzi
Twoja historia wyników
Nie rozwiązałeś tego quizu